| 000 | 00527nam a2200193Ia 4500 | ||
|---|---|---|---|
| 003 | GCL | ||
| 008 | 140319s9999 xx 000 0 ara d | ||
| 040 |
_aGCL / _cGCL |
||
| 082 | 0 | 4 |
_a843 _bا م |
| 100 | 1 | _aامينة رشيد | |
| 245 | 1 | 0 |
_aالمكان / _cامينة رشيد |
| 700 | 1 | _aسيد البحراوى | |
| 700 | 1 | _aارنو،انى | |
| 300 | _a69 ص | ||
| 490 |
_aعيون الادب الاجنبى _v0 |
||
| 650 | 0 | 4 | _aالادب الفرنسى |
| 650 | 0 | 4 | _aالقصص الفرنسية |
| 942 |
_2ddc _cBK |
||
| 999 |
_c37872 _d37872 |
||